Economics of healthcare : (Record no. 46008)

MARC details
000 -LEADER
fixed length control field 02462nam a22003131i 4500
003 - CONTROL NUMBER IDENTIFIER
control field UkCbUP
005 - DATE AND TIME OF LATEST TRANSACTION
control field 20251022154439.0
008 - FIXED-LENGTH DATA ELEMENTS--GENERAL INFORMATION
fixed length control field 220215s2024 enk ob 001 0 eng d
020 ## - INTERNATIONAL STANDARD BOOK NUMBER
International Standard Book Number 9781009258463
020 ## - INTERNATIONAL STANDARD BOOK NUMBER
Cancelled/invalid ISBN 9781009258456
020 ## - INTERNATIONAL STANDARD BOOK NUMBER
Cancelled/invalid ISBN 9781009258432
041 ## - LANGUAGE CODE
Language English
082 00 - DEWEY DECIMAL CLASSIFICATION NUMBER
Classification number 338.473
Edition number 23/eng/20231018
Item number FRI
100 1# - MAIN ENTRY--PERSONAL NAME
Personal name Friedson, Andrew,
245 10 - TITLE STATEMENT
Title Economics of healthcare :
Remainder of title a brief introduction /
Statement of responsibility, etc Andrew Friedson.
260 ## - PUBLICATION, DISTRIBUTION, ETC. (IMPRINT)
Place of publication, distribution, etc Cambridge :
Name of publisher, distributor, etc Cambridge University Press,
Date of publication, distribution, etc 2024.
300 ## - PHYSICAL DESCRIPTION
Extent xviii, 252 pages :
505 0# - FORMATTED CONTENTS NOTE
Contents How economists view human behavior -- Where does health come from? -- Demand for medical care -- Health insurance and demand for medical care -- Evaluating evidence -- Provider firms -- The medical labor force -- Providers and incentives -- Hospitals -- Health insurance as a product -- Adverse selection -- Prices -- Managed care -- Public insurance -- Pharmaceuticals -- Externalities -- Medical malpractice -- Inequality -- International comparisons.
520 ## - SUMMARY, ETC.
Summary, etc An approachable beginner's guide to health economics that brings the economist's way of viewing the world to bear on the fundamentals of the US healthcare system. The conversational writing style, with occasional doses of humour, allows students to see how applicable economic reasoning can be to unpacking some of the sector's thorniest issues, while accessible real-world examples teach the institutional details of healthcare and health insurance, as well as the economics that underpin the behaviour of key players in these markets. Many chapters are enhanced by 'Supplements' that offer how-to guides to tools commonly used by health economists, and economists more generally. They help form the basic 'economist's toolbox' for readers with no prior training in economics, and offer deeper dives into interesting related material. A test bank and lectures slides are available online for instructors, alongside additional resources and readings for students, taken from popular media and health care and policy journals.
650 #0 - SUBJECT ADDED ENTRY--TOPICAL TERM
Topical term or geographic name as entry element Medical economics.
856 40 - ELECTRONIC LOCATION AND ACCESS
Uniform Resource Identifier <a href="https://ezproxy.lib.gla.ac.uk/login?url=https://doi.org/10.1017/9781009258463">https://ezproxy.lib.gla.ac.uk/login?url=https://doi.org/10.1017/9781009258463</a>
942 ## - ADDED ENTRY ELEMENTS (KOHA)
Source of classification or shelving scheme Dewey Decimal Classification
Koha item type General Books
100 1# - MAIN ENTRY--PERSONAL NAME
Relator term author.
504 ## - BIBLIOGRAPHY, ETC. NOTE
Bibliography, etc Includes bibliographical references and index.
506 ## - RESTRICTIONS ON ACCESS NOTE
Terms governing access Access restricted to subscribing institutions.
776 08 - ADDITIONAL PHYSICAL FORM ENTRY
Display text Print version:
International Standard Book Number 9781009258456.
856 40 - ELECTRONIC LOCATION AND ACCESS
Public note Connect to resource
907 ## - LOCAL DATA ELEMENT G, LDG (RLIN)
a .b41271440
Holdings
Withdrawn status Lost status Source of classification or shelving scheme Damaged status Not for loan Collection code Home library Location Shelving location Date of Cataloging Total Checkouts Full call number Barcode Date last seen Price effective from Koha item type
    Dewey Decimal Classification     Non-fiction CUTN Central Library CUTN Central Library Social Sciences 22/10/2025   338.473 FRI 54572 22/10/2025 22/10/2025 General Books